<?xml version="1.0" encoding="UTF-8"?>
<record
    xmlns:xsi="http://www.w3.org/2001/XMLSchema-instance"
    xsi:schemaLocation="http://www.loc.gov/MARC21/slim http://www.loc.gov/standards/marcxml/schema/MARC21slim.xsd"
    xmlns="http://www.loc.gov/MARC21/slim">

  <leader>004350000a22001810004500</leader>
  <datafield tag="952" ind1=" " ind2=" ">
    <subfield code="0">0</subfield>
    <subfield code="1">0</subfield>
    <subfield code="2">ddc</subfield>
    <subfield code="3">0</subfield>
    <subfield code="4">0</subfield>
    <subfield code="7">0</subfield>
    <subfield code="a">BINCO</subfield>
    <subfield code="b">BINCO</subfield>
    <subfield code="d">2006-03-31</subfield>
    <subfield code="l">5</subfield>
    <subfield code="m">3</subfield>
    <subfield code="o">813C M589d</subfield>
    <subfield code="p">B30979</subfield>
    <subfield code="r">2023-04-24 00:00:00</subfield>
    <subfield code="s">2023-04-21</subfield>
    <subfield code="t">1</subfield>
    <subfield code="w">2016-01-26</subfield>
    <subfield code="y">LGB</subfield>
    <subfield code="B">0</subfield>
  </datafield>
  <datafield tag="999" ind1=" " ind2=" ">
    <subfield code="c">47904</subfield>
    <subfield code="d">47904</subfield>
  </datafield>
  <controlfield tag="001">700</controlfield>
  <controlfield tag="003">CO-MdFUSB</controlfield>
  <controlfield tag="005">20170818173112.0</controlfield>
  <controlfield tag="008">170818b        xxu||||| |||| 00| 0 eng d</controlfield>
  <datafield tag="040" ind1=" " ind2=" ">
    <subfield code="c">CO-MdBIC</subfield>
  </datafield>
  <datafield tag="082" ind1="0" ind2="4">
    <subfield code="a">813C M589d</subfield>
  </datafield>
  <datafield tag="100" ind1="1" ind2=" ">
    <subfield code="a">Milbourne, Anna</subfield>
  </datafield>
  <datafield tag="245" ind1="1" ind2="0">
    <subfield code="a">The Dinosaur / Anna Milbourne, il. : Mandy Field</subfield>
  </datafield>
  <datafield tag="260" ind1=" " ind2=" ">
    <subfield code="a">London : Usborne</subfield>
  </datafield>
  <datafield tag="300" ind1=" " ind2=" ">
    <subfield code="a">24 P.</subfield>
  </datafield>
  <datafield tag="650" ind1="1" ind2="4">
    <subfield code="a">Literatura Infantil</subfield>
  </datafield>
  <datafield tag="942" ind1=" " ind2=" ">
    <subfield code="c">LGB</subfield>
  </datafield>
</record>
